Raj, the Indian Mutliny, and the Kingdom of Oudh 1801-1859 (Record no. 8063)

MARC details
000 -LEADER
fixed length control field 00635nam a2200253 a 4500
020 ## - INTERNATIONAL STANDARD BOOK NUMBER
ISBN
082 00 - DEWEY DECIMAL CLASSIFICATION NUMBER
Classification number 954.2
Author Cutter PEM
100 ## - MAIN ENTRY--AUTHOR NAME
Author name Pemble, John
245 ## - TITLE STATEMENT
Title Raj, the Indian Mutliny, and the Kingdom of Oudh 1801-1859
260 ## - PUBLICATION, DISTRIBUTION, ETC. (IMPRINT)
Place of publication Londan
Name of publisher Oxford University Press
Year of publication 1979
300 ## - PHYSICAL DESCRIPTION
Number of Pages 303p
500 ## - GENERAL NOTE
General note includes index and biblioraphy
505 2# - FORMATTED CONTENTS NOTE
Formatted contents note Index
650 ## - SUBJECT ADDED ENTRY--TOPICAL TERM
Topical Term Oudh-History
650 ## - SUBJECT ADDED ENTRY--TOPICAL TERM
Topical Term Mutiny-India-1857
942 ## - ADDED ENTRY ELEMENTS (KOHA)
Koha item type Books
700 1# -
-- Pemble, John
Holdings
Collection code Home library Current library Date acquired Cost, normal purchase price Full call number Accession Number Koha item type
  Henry Martyn Institute Library Henry Martyn Institute Library 04/10/2007 50.00 954.2 PEM 013179 Books
                   Copyright © 2026 | Henry Martyn Institute | Hyderabad | TS-500052 | INDIA | Implemented by hmi.edu.in
Hit-Count:

Powered by Koha